Films par image - 2023 - Statistiques

Statistiques générales
  • Ce quiz a été pris 42 fois
  • Le résultat moyen est 6 sur 16
Statistiques - réponses
Par images Réponse % Correct
Barbie
97%
Oppenheimer
79%
Wonka
76%
Babylon
53%
Yannick
47%
Asteroid City
37%
Anatomie d'une chute
32%
Super Mario Bros, le film
29%
Je verrai toujours vos visages
24%
Spiderman : Across the Spider-Verse
24%
Le règne animal
21%
Aftersun
13%
Past Lives
11%
Perfect Days
11%
L'innocence
8%
Simple comme Sylvain
3%
Aucun quiz correspondant
Distribution des résultats
% des personnes avec chaque résultat
Percentile par nombre de réponses
Votre historique - résultats
Vous n’avez pas pris ce quiz